000 00416nam a2200181Ia 4500
001 1097
005 20260306140606.0
008 260306t2014||||xx |||||||||||||| ||spa||
041 _aESP
082 _a180
_bS27
100 _aSavater, Fernando
_eAUT
245 0 _aHistoria de la filosofĂ­a sin temor ni temblor
260 _c2014
300 _a
_c
650 _aGEN
654 _aCHU
942 _cLIB
_dJUS
_fJUS
_2ddc
_n
999 _c1097
_d1097